[Event "Chigorin Memorial 25th"]
[Site "St Petersburg"]
[Date "2017.10.21"]
[Round "1"]
[White "Shkuratov, Vladimir"]
[Black "Karasev, Vladimir I"]
[Result "0-1"]
[WhiteElo "1887"]
[BlackElo "2339"]
[PlyCount "126"]
[EventDate "2017.10.21"]
[EventType "swiss"]
[EventRounds "9"]
[EventCountry "RUS"]
[SourceTitle "CBM 181 Extra"]
[Source "ChessBase"]
[SourceDate "2017.12.12"]
[SourceVersion "1"]
[SourceVersionDate "2017.12.12"]
[SourceQuality "1"]

1. e4 c5 2. Nf3 e6 3. d4 cxd4 4. Nxd4 Qb6 5. Nb3 Qc7 6. Nc3 a6 7. Bd3 Nf6 8. 0-0 b5 9. a3 Bb7 10. f4 d6 11. Be3 Nbd7 12. Qf3 Rc8 13. Rae1 Be7 14. Qg3 g6 15. Kh1 h5 16. h3 h4 17. Qf3 Nh5 18. Bf2 Ng3+ 19. Bxg3 hxg3 20. Re2 Bh4 21. Qe3 Nf6 22. Nd4 Qc5 23. Nf3 Ng4 24. hxg4 Bd8+ 25. Kg1 Bb6 26. Nd1 Qc7 27. Nd4 e5 28. c3 exd4 29. cxd4 Qe7 30. g5 f6 31. Qxg3 Bxd4+ 32. Ne3 fxg5 33. Qxg5 Qxg5 34. fxg5 Rc5 35. Rd1 Ke7 36. Bb1 Bxe3+ 37. Rxe3 Rxg5 38. Ba2 Re5 39. Bd5 Bxd5 40. Rxd5 Rc8 41. Rxe5+ dxe5 42. Kf2 Rc2+ 43. Re2 Rc4 44. Ke3 b4 45. Rd2 bxa3 46. bxa3 Ke6 47. Rd3 a5 48. Rb3 Kf6 49. Kd3 Ra4 50. Rc3 Kg5 51. Ke3 Rd4 52. Rc5 Ra4 53. Kf2 Rxa3 54. Rxe5+ Kf4 55. Re8 Ra2+ 56. Kf1 a4 57. e5 a3 58. e6 Kf5 59. e7 Kf6 60. g4 Kf7 61. Rg8 Kxe7 62. Rxg6 Rb2 63. Ra6 a2 0-1

[Event "Chigorin Memorial 24th"]
[Site "St Petersburg"]
[Date "2016.10.23"]
[Round "9"]
[White "Shkuratov, Vladimir"]
[Black "Makeev, Konstantin"]
[Result "1-0"]
[WhiteElo "1681"]
[BlackElo "1525"]
[PlyCount "61"]
[EventDate "2016.10.15"]
[EventType "swiss"]
[EventRounds "9"]
[EventCountry "RUS"]
[SourceTitle "CBM 175 Extra"]
[Source "ChessBase"]
[SourceDate "2016.12.12"]
[SourceVersion "1"]
[SourceVersionDate "2016.12.12"]
[SourceQuality "1"]

1. e4 g6 2. d4 Bg7 3. Nc3 d6 4. f4 Nf6 5. Nf3 0-0 6. Bd3 Nc6 7. 0-0 Ng4 8. h3 Nh6 9. d5 Nd4 10. g4 f5 11. exf5 gxf5 12. g5 Nf7 13. Be3 c5 14. Kh2 e5 15. dxe6 Nxe6 16. Bc4 a6 17. a4 Bxc3 18. bxc3 Ng7 19. g6 hxg6 20. Ng5 Qf6 21. Bxf7+ Rxf7 22. Nxf7 Kxf7 23. Qd3 Bd7 24. Qd5+ Ke7 25. Qxb7 Rh8 26. Rae1 Ne6 27. Bd2 Qh4 28. Rf3 g5 29. fxg5 f4 30. g6 Qg4 31. Bxf4 1-0

[Event "Chigorin Memorial 24th"]
[Site "St Petersburg"]
[Date "2016.10.16"]
[Round "2"]
[White "Shkuratov, Vladimir"]
[Black "Ofitserian, Boris"]
[Result "0-1"]
[WhiteElo "1681"]
[BlackElo "2351"]
[PlyCount "98"]
[EventDate "2016.10.15"]
[EventType "swiss"]
[EventRounds "9"]
[EventCountry "RUS"]
[SourceTitle "CBM 175 Extra"]
[Source "ChessBase"]
[SourceDate "2016.12.12"]
[SourceVersion "1"]
[SourceVersionDate "2016.12.12"]
[SourceQuality "1"]

1. e4 c5 2. Nf3 d6 3. d4 cxd4 4. Nxd4 Nf6 5. Nc3 a6 6. Bg5 Nbd7 7. f4 Qc7 8. Qf3 h6 9. Bh4 g5 10. fxg5 hxg5 11. Bxg5 Qc5 12. Be3 Ne5 13. Qd1 Neg4 14. Bg1 Qe5 15. Nf3 Qa5 16. Bd3 Bh6 17. h3 Bf4 18. Bf2 Nxf2 19. Kxf2 Qb6+ 20. Kf1 Qxb2 21. Ne2 Ng4 22. Qb1 Qf6 23. Ke1 Be5 24. Nxe5 Qxe5 25. Qc1 Be6 26. a4 Rc8 27. Rb1 Rc7 28. Rf1 Nf6 29. Qb2 Qg5 30. Rf2 Rh4 31. Qb6 Kd8 32. Rb4 Qc5 33. Rf4 Rh5 34. Kd2 Nd7 35. Qxc5 dxc5 36. Rc4 b5 37. Rc3 b4 38. Rb3 c4 39. Rxb4 a5 40. Rb5 Rxb5 41. axb5 Nc5 42. h4 cxd3 43. cxd3 Nb3+ 44. Ke3 a4 45. Nd4 Nxd4 46. Kxd4 Rc1 47. h5 a3 48. Rf2 a2 49. Rxa2 Bxa2 0-1